000 005210000a22001930004500
001 002952
003 MACL
005 20150729161753.0
008 150729b xxu||||| |||| 00| 0 eng d
040 _aMACL
_cMACL
041 _aEnglish
082 _a343.74/RAJ
100 _aNarasaiah, M. Laxmi
_93275
245 _aRural Development And Anti-Poverty Programme
_cM. Laxmi Narasaiah
260 _aNew Delhi
_c1999
_bDiscovery Publishing House,
350 _a450
650 _aSocial Science
_93276
942 _k343
_cBK
_2ddc
999 _c14858
_d14858